Ecological climatology : concepts and applications

Αποθηκεύτηκε σε:
Λεπτομέρειες βιβλιογραφικής εγγραφής
Κύριος συγγραφέας: Bonan, Gordon B.
Μορφή: Βιβλίο
Γλώσσα:English
Δημοσίευση: Cambridge : Cambridge University Press, 2002
Θέματα:
Ετικέτες: Προσθήκη ετικέτας
Δεν υπάρχουν, Καταχωρήστε ετικέτα πρώτοι!

MARC

LEADER 00000nam a2200000 i 4500
001 1/47758
008 040127s2002 eng d
020 |a 0521804760 
035 |l 10072134 
040 |a GR-MY-UA  |b gre  |e aacr 
041 0 |a eng 
082 0 |a 581.7  |2 (21) 
100 1 |a Bonan, Gordon B. 
245 1 0 |a Ecological climatology :  |b concepts and applications /  |c Gordon B. Bonan 
260 |a Cambridge :   |b Cambridge University Press,   |c 2002 
300 |a xi, 678 σ.;  |b χαρτ., πιν., διαγρ.;  |c 25 εκ. 
504 |a Περιέχει βιβλιογραφία και ευρετήριο 
650 0 0 |a Vegetation and climate. 
650 0 0 |a Plant ecophysiology. 
650 0 0 |a Climatic changes. 
852 |a INST  |b LESVOS  |e 20040127  |h 581.7 BON  |p 005100030805  |q 005100030805  |t BK  |y 0 
901 |a BIBL1-2004-1 
909 |a Λ  |b 107057 
922 |a 1ΕΛΗ  |b 200311  |c ΕΠΕΑΕΚ2/ΤΓ  |d ΜΙΧΑΛΟΠΟΥΛΟΣ 
950 |a 118-2003-09-23 
970 |a ΧΡΙΣΤΟΦΑ  |b ΝΙΚΗ  |z 2004/02/03